| 000 | 00483nam a2200169 i 4500 | ||
|---|---|---|---|
| 001 | 64001 | ||
| 003 | ES-MaACL | ||
| 005 | 20230906165023.0 | ||
| 007 | t| | ||
| 008 | 031219s1979 sp ||||1| spa d | ||
| 100 | 1 |
_aFisas, Vicente. _950967 |
|
| 245 | 1 | 3 |
_aEl poder militar en España / _cVicenç Fisas ; prólogo de José Bouzán. |
| 260 |
_aBarcelona : _bLaia, _c[1979] |
||
| 300 |
_a298 p. ; _c20 cm. |
||
| 700 | 1 |
_aBouzán, José. _931105 |
|
| 852 |
_aES-MaACL _jA-10394 _bR.99596 |
||
| 999 |
_c64001 _d64001 |
||